|
|
|
|
| LEADER |
01913nam a2200361 a 4500 |
| 001 |
13865309 |
| 003 |
BD-DhAAL |
| 005 |
20250709120400.0 |
| 008 |
090611s2006 cauab b 001 0 eng d |
| 010 |
|
|
|a 2005003579
|
| 020 |
|
|
|a 1412914361 (pbk.)
|
| 040 |
|
|
|a DLC
|c DLC
|d DLC
|d BD-DhAAL
|
| 082 |
0 |
0 |
|a 658/.049
|2 22
|
| 100 |
1 |
|
|a Conklin, David W.
|9 58641
|
| 245 |
0 |
0 |
|a Cases in the environment of business :
|b international perspectives /
|c David W. Conklin.
|
| 260 |
|
|
|a Thousand Oaks :
|b Sage Publications,
|c c2006.
|
| 300 |
|
|
|a xiv, 605 pages :
|b ill., maps ;
|c 23 cm.
|
| 490 |
1 |
|
|a The Ivey casebook series
|
| 504 |
|
|
|a Includes bibliographical references (p. 603-604).
|
| 526 |
|
|
|a BBS
|x Requisitioned by Faculties of BBS
Course name and no : N/A
|
| 541 |
1 |
|
|a Karim International
|e 00014544
|
| 650 |
|
0 |
|a International business enterprises
|x Management
|v Case studies.
|9 58642
|
| 650 |
|
0 |
|a International trade
|v Case studies.
|9 10880
|
| 650 |
|
0 |
|a Competition, International
|v Case studies.
|9 58643
|
| 650 |
|
0 |
|a Industrial management
|v Case studies.
|9 11079
|
| 650 |
|
0 |
|a Management.
|
| 830 |
|
|
|a The Ivey casebook series
|9 58644
|
| 852 |
4 |
|
|a Ayesha Abed Library
|j General Shelf.
|
| 942 |
|
|
|2 ddc
|c BK
|
| 999 |
|
|
|c 5926
|d 5926
|
| 952 |
|
|
|0 0
|1 0
|2 ddc
|4 0
|6 658_049000000000000_CON
|7 0
|9 14504
|a BRACUL
|b BRACUL
|c GEN
|d 2011-03-02
|l 0
|o 658.049 CON
|p 3010014544
|r 2011-03-02
|t 1
|w 2011-03-02
|y BK
|
| 952 |
|
|
|0 0
|1 0
|2 ddc
|4 0
|6 658_049000000000000_CON
|7 0
|9 14505
|a BRACUL
|b BRACUL
|c GEN
|d 2011-03-02
|e Karim International
|g 702.00
|l 2
|m 19
|o 658.049 CON
|p 3010019556
|r 2017-02-07
|s 2014-08-07
|t 2
|w 2011-03-02
|y BK
|x Requisitioned by Faculties of BBS. Course name and no. "not available".
|
| 952 |
|
|
|0 0
|1 0
|2 ddc
|4 0
|6 658_049000000000000_CON
|7 0
|9 14506
|a BRACUL
|b BRACUL
|c GEN
|d 2011-03-02
|e Karim International
|g 702.00
|l 0
|o 658.049 CON
|p 3010019575
|r 2011-03-02
|t 3
|w 2011-03-02
|y BK
|x Requisitioned by Faculties of BBS. Course name and no. "not available".
|